000 00276nam a22001217a 4500
082 _a920
_bWAS/U
100 _aWASHINGTON,BOOKER TALIAFERRO
245 _aUP FROM SLAVERY
260 _aNEWDELHI
_bMAPLE PRESS
300 _a224
650 _aAUTOBIOGRAPHY
_zNEW DELHI
942 _cBK
999 _c5743
_d5743